Countries with the least smokers - Statistics

General Stats
  • This quiz has been taken 65 times
  • The average score is 5 of 15
Answer Stats
Continent Cigarettes per capita Country % Correct
Africa 118.8 Niger
63%
South America 97.7 Peru
60%
South America 93.5 Ecuador
58%
Africa 128 Democratic republic of the congo
48%
Africa 115.3 Ethiopia
40%
Africa 40.5 Ghana
38%
Africa 94 Rwanda
38%
Asia 89.3 India
35%
Asia 9.7 Brunei
31%
North America 111.8 Guatemala
27%
Africa 25.3 Guinea Bissau
27%
Africa 30.3 Mauritania
23%
North America 89.2 Antigua and Barbuda
19%
Africa 122.9 Zimbabwe
19%
Africa 91.7 Swaziland
17%
No matching quizzes found
Score Distribution
Percent of People with Each Score
Percentile by Number Answered
Your Score History
You have not taken this quiz